Cuentos completos

Պահպանված է:
Մատենագիտական մանրամասներ
Հիմնական հեղինակ: Stevenson, Robert Louis (Հեղինակ)
Ձևաչափ: Գիրք
Լեզու:իսպաներեն
Հրապարակվել է: Barcelona Random House Mondadori 2009
Շարք:Grandes Clásicos
Խորագրեր:
Ցուցիչներ: Ավելացրեք ցուցիչ
Չկան պիտակներ, Եղեք առաջինը, ով նշում է այս գրառումը!

MARC

LEADER 00000cam a2200000 a 4500
001 UCF2685
003 CL-VaPUC
008 120830e20090000SP |||||||||||||||||spa|d
020 |a 9788439722120 
082 0 4 |a 820  |b STE  |2 21 
100 0 |a Stevenson, Robert Louis  |e author  |9 348874 
245 1 0 |a Cuentos completos 
300 |a 955 p 
942 |c BK 
945 |d 20120830 00:00:00  |a dcastane 
260 |a Barcelona  |b Random House Mondadori  |c 2009 
650 0 |a Novelas inglesas  |9 265220 
650 0 |a Literatura inglesa  |9 312907 
583 |a last modification  |c 20120830 10:25:00  |k Rodrigo Vera 
490 0 |a Grandes Clásicos 
999 |c 349225  |d 349223 
952 |0 0  |1 0  |4 0  |6 820_000000000000000_STE_2009  |7 0  |8 A  |9 451734  |a BIBING  |b BIBING  |d 2019-11-22  |i 4894898  |o 820 STE 2009  |p 4894898  |r 2025-01-20  |w 2019-11-22  |y BK  |k CUI